| 000 | 00000nam 2200000zi 4500 |
| 001 | 9.867908 |
| 003 | CaOODSP |
| 005 | 20221107162435 |
| 006 | m o d f |
| 007 | cr ||||||||||| |
| 008 | 190201s1960 onc ot f|0| 0 eng d |
| 040 | |aCaOODSP|beng|erda|cCaOODSP |
| 041 | |aeng|bfre |
| 043 | |an-cn--- |
| 086 | 1 |aM38-1/60-1960E-PDF |
| 100 | 1 |aLapointe, C. M. |
| 245 | 10|aSurface area determination of magnesium powders by sorption of C-14-labeled oleic acid / |cby C. M. LaPointe. |
| 264 | 1|aOttawa, Ontario : |bDepartment of Mines and Technical Surveys, |c1960. |
| 300 | |a1 online resource (iii, 10 pages) |
| 336 | |atext|btxt|2rdacontent |
| 337 | |acomputer|bc|2rdamedia |
| 338 | |aonline resource|bcr|2rdacarrier |
| 490 | 1 |aMines Branch Research Report ; |vR 60 |
| 500 | |a"March 7, 1960." |
| 504 | |aIncludes bibliographic references. |
| 520 | |a"The chemisorption of C-14-labeled oleic acid on magnesium particles has been used to determine the surface area of the grains when this area is only a few hundred square centimetres per gram. A simplified technique is suggested for routine measurement of several samples a day"--Synopsis, p. i. |
| 546 | |aIncludes abstract in French. |
| 692 | 07|2gccst|aMinerals |
| 692 | 07|2gccst|aChemicals |
| 710 | 1 |aCanada. |bDepartment of Mines and Technical Surveys. |
| 710 | 1 |aCanada. |bMines Branch. |
| 830 | #0|aResearch report (Canada. Mines Branch)|vR 60.|w(CaOODSP)9.855660 |
| 856 | 40|qPDF|s1.79 MB|uhttps://publications.gc.ca/collections/collection_2019/rncan-nrcan/m38-1/M38-1-60-1960-eng.pdf |